| 000 | 00733nam a2200217Ii 4500 | ||
|---|---|---|---|
| 003 | JO-AjNU | ||
| 008 | 230605s9999||||xx |||||||||||||| ||und|| | ||
| 017 | _a1987/2/51 | ||
| 040 |
_aJO-AjNU _bara _erda _cJO-AjNU |
||
| 041 | _aara | ||
| 050 | 1 | 4 | _aQH545.A1.G4248 1987 |
| 100 | 3 |
_aتاليف غرايبة، سامح...... وآخرون, _eauthor _957763 |
|
| 245 | 0 | 0 | _aالمدخل إلى العلوم البيئية |
| 250 | _aط1 | ||
| 264 | 3 | 1 | _aعمان: دار الشروق، 1987 |
| 300 |
_a293ص _bجداول و أشكال توضيحية |
||
| 336 |
_atext _btxt _2rdacontent |
||
| 337 |
_aunmediated _bn _2rdamedia |
||
| 338 |
_avolume _bnc _2rdacarrier |
||
| 650 | 4 |
_aعلم البيئة - البيئة - علوم _957764 |
|
| 999 |
_aA25904 _c29472 _d29472 |
||